ბათუმის შოთა რუსთაველის სახელმწიფო უნივერსიტეტის ბიბლიოთეკა

Художественный текст как культурно-исторический феномен. (ბიბ.ჩანაწერი № 35021)

000 -LEADER
fixed length control field 00777nam a2200229Ia 4500
001 - CONTROL NUMBER
control field 860
003 - CONTROL NUMBER IDENTIFIER
control field GE_BSU
008 - FIXED-LENGTH DATA ELEMENTS--GENERAL INFORMATION
fixed length control field 181216s||||||||xx |||||||||||||| ||und||
020 ## - INTERNATIONAL STANDARD BOOK NUMBER
International Standard Book Number 5893494156
040 ## - CATALOGING SOURCE
Transcribing agency GE_BSU
080 ## - UNIVERSAL DECIMAL CLASSIFICATION NUMBER
Universal Decimal Classification number 82.0(075.8)
100 ## - MAIN ENTRY--PERSONAL NAME
Personal name Гагаев,А.А; Гагаев,П.А;
245 ## - TITLE STATEMENT
Title Художественный текст как культурно-исторический феномен.
245 ## - TITLE STATEMENT
Remainder of title Учебное пособие.Теория и практика прочтения.
260 ## - PUBLICATION, DISTRIBUTION, ETC.
Place of publication, distribution, etc. Москва
260 ## - PUBLICATION, DISTRIBUTION, ETC.
Name of publisher, distributor, etc. Флинта
260 ## - PUBLICATION, DISTRIBUTION, ETC.
Date of publication, distribution, etc. 2002
300 ## - PHYSICAL DESCRIPTION
Extent 180 с.
653 ## - INDEX TERM--UNCONTROLLED
Uncontrolled term Художественный текст как култьтурно-исторический феноменурно
942 ## - ADDED ENTRY ELEMENTS (KOHA)
Koha item type წიგნი
ეგზემპლარები
Withdrawn status Lost status Damaged status Not for loan Date acquired Barcode Date last seen Price effective from Koha item type
        2018-12-17 1708 2018-12-17 2018-12-17 წიგნი